Länder mit den meisten unterernährten Menschen - Statistiken

Allgemein
  • Dieses Quiz wurde 83 mal gespielt
  • Das Durchschnittsergebnis liegt bei 10 aus 15
Antwortstatistiken
Anzahl in Millionen Länder % Korrekt
39,4 Nigeria
87%
36,6 Demokratische Republik Kongo
85%
194,6 Indien
81%
27,3 Äthiopien
79%
9 Somalia
76%
48,8 Pakistan
72%
18,7 Kenia
70%
15,6 Tansania
69%
20,3 Bangladesch
67%
19,9 Indonesien
64%
17,4 Uganda
61%
12,5 Afghanistan
58%
13,3 Jemen
52%
9,4 Ägypten
43%
11,8 Madagaskar
33%
Keine übereinstimmenden Quizze gefunden
Verteilung der Resultate
Anzahl Personen mit jedem Resultat
Perzentil nach korrekt beantworteten Fragen
Ihre Resultats-Entwicklung
Sie haben dieses Quiz noch nicht gespielt